| 000 | 01043nam a2200241 a 4500 | ||
|---|---|---|---|
| 001 | BRCA_1041 | ||
| 005 | 20190320203244.0 | ||
| 008 | 090408s2007----ve-a---###---#000-0#spa-# | ||
| 020 | _a9789945859645 | ||
| 050 | 4 |
_aND233 _b.D40 2007 |
|
| 245 | 1 | 0 |
_aDe oficio pintor _barte colonial venezolano _ccolección Patricia Phelps de Cisneros. |
| 260 |
_aSantiago de los Caballeros, Caracas _bFundación Cisneros : Centro León _c2007 |
||
| 300 |
_a126 p. _bil. a color, fotografías, mapas _c28 cm. |
||
| 500 | _aCatálogo de la exposición realizada en el Centro León (Santiago de los Caballeros, República Dominicana), 21 junio - 16 septiembre, 2007 | ||
| 500 | _a2do. ejemplar en el Área de Investigación | ||
| 504 | _aBibliografía : p. 104-107 | ||
| 546 | _aTexto en : español e inglés | ||
| 600 | 1 | 4 |
_aPhelps de Cisneros, Patricia _xColecciones de arte _93435 |
| 650 | 1 | 4 |
_aPintura colonial _zVenezuela _93436 |
| 650 | 1 | 4 |
_aPintura religiosa _ySiglo XVIII _zVenezuela _93437 |
| 700 | 1 |
_aPhelps de Cisneros, Patricia _93438 |
|
| 942 |
_2lcc _cB |
||
| 999 |
_c920 _d920 |
||